Bourges - Statistiques

Statistiques générales
  • Ce quiz a été pris 41 fois
  • Le résultat moyen est 5 sur 9
Statistiques - réponses
Hint Réponse % Correct
Quel festival est organisé à Bourges tous les ans depuis 1977 ? Le printemps de Bourges
90%
Quel marchand célèbre est originaire de Bourges ? Jacques Cœur
79%
Quel footballeur célèbre a racheté le club du Bourges foot en 2023 ? Sadio Mané
66%
Comment se prénomait la ville durant l'antiquité ? Avaricum
62%
Quel est le gentilé ? Berruyer
62%
Comment se nomme la cathédrale ? Cathédrale Saint-Etienne
52%
En quelle année à été inauguré la 1ère maison de la culture ? 1963
31%
Quel était le nom du peuple gaulois vivant à Bourges ? Les Bituriges
21%
Quel secteur porte l'économie de Bourges ? Industrie de l'armement
3%
Aucun quiz correspondant
Distribution des résultats
% des personnes avec chaque résultat
Percentile par nombre de réponses
Votre historique - résultats
Vous n’avez pas pris ce quiz